Waterness (Record no. 173085)

MARC details
000 -LEADER
fixed length control field 00614nam a22002297a 4500
003 - CONTROL NUMBER IDENTIFIER
control field dpl
005 - DATE AND TIME OF LATEST TRANSACTION
control field 20200218124733.0
008 - FIXED-LENGTH DATA ELEMENTS--GENERAL INFORMATION
fixed length control field 200218b ||||| |||| 00| 0 eng d
010 ## - LIBRARY OF CONGRESS CONTROL NUMBER
LC control number B-099107
020 ## - INTERNATIONAL STANDARD BOOK NUMBER
International Standard Book Number 8187649755
Terms of availability 150.0
035 ## - SYSTEM CONTROL NUMBER
System control number 099107
040 ## - CATALOGING SOURCE
Original cataloging agency DPL
Language of cataloging EN
Transcribing agency 0
050 ## - LIBRARY OF CONGRESS CALL NUMBER
Classification number S
Item number MUT
082 ## - DEWEY DECIMAL CLASSIFICATION NUMBER
Classification number S
Item number MUT
100 ## - MAIN ENTRY--PERSONAL NAME
Personal name Muthuswamy Na
245 ## - TITLE STATEMENT
Title Waterness
Statement of responsibility, etc Na Muthuwamy
Medium EN
246 ## - VARYING FORM OF TITLE
Medium EN
260 ## - PUBLICATION, DISTRIBUTION, ETC. (IMPRINT)
Place of publication, distribution, etc New Delhi
Name of publisher, distributor, etc katha
Date of publication, distribution, etc 2003
270 ## - ADDRESS
Address katha, A3 Sarvodaya Enclave aurobindo marg new delhi
City New Delhi
Country India
Postal code 110017
300 ## - PHYSICAL DESCRIPTION
Extent 165.00
Dimensions 13 cm
942 ## - ADDED ENTRY ELEMENTS (KOHA)
Source of classification or shelving scheme Dewey Decimal Classification
Koha item type English Books
Classification part S
Item part MUT
Call number prefix S
Call number suffix MUT
Holdings
Withdrawn status Lost status Source of classification or shelving scheme Damaged status Not for loan Collection code Home library Current library Date acquired Source of acquisition Total Checkouts Full call number Barcode Date last seen Cost, replacement price Price effective from Koha item type
    Dewey Decimal Classification     Fiction Shahdara Branch Shahdara Branch 18/02/2020 BPPD/PUB   S MUT B-099107 18/02/2020 150.00 18/02/2020 English Books

© Delhi Public Library
Hit Counter
free hit counter